000 01601nam0a2200349 i 4500
001 RU\NLR\bibl\1968846
005 20240921155852.0
010 _a9785742236474
_9150
021 _aRU
_b2012-82709
_96120
035 _a(nilc)RSL-KNO-005520536
035 _a(NLR Aleph) 001957720
090 _a3782638
_c3782638
100 _a20121101d2012 u y0rusy50 ca
101 0 _arus
102 _aRU
105 _ay |||||||||
200 1 _aОсновы международного бизнеса
_eучебно-практическое пособие
_fЕ. Р. Счисляева, А. В. Арфае, Е. А. Панова
_gМ-во образования и науки Российской Федерации, Санкт-Петербургский гос. политехнический ун-т
210 _aСанкт-Петербург
_cИзд-во Политехнического ун-та
_d2012
215 _a208 с.
_d20
320 _aБиблиогр.: с. 204-208
606 1 _aПредпринимательство международное
_jУчебные издания для высших учебных заведений
_92103724
_3RU\NLR\auth\661272030
686 _aУ582.9я73-14
_2rubbk
686 _aУ5-13я73
700 1 _aСчисляева
_bЕ. Р.
_gЕлена Ростиславовна
_4070
701 1 _aАрфае
_bА. В.
_gАнна Владимировна
_4070
701 1 _aПанова
_bЕ. А.
_4070
801 0 _aRU
_bRuMoRKP
_c20121101
_grcr
801 1 _aRU
_bРГБ
_c20121101
801 2 _aRU
_bNLR
_c20121120
_grcr
942 _cBOOK
980 _aNBR